000 00833nam a2200193 a 4500
008 191203s2010 ||||||||||||||||| || u
020 _a9780702040511
050 _aRC 376.5 Car
100 _aCarr, Janet H
245 1 0 _aNeurological rehabilitation : optimizing motor performance (2nd edition)
_cBy Janet H. Carr ; Roberta B. Shepherd
250 _a2nd edition
260 _aEdinburgh
_bChurchill Livingstone/Elsevier
_c2010
300 _axiii, 362 pages : illustrations
350 _a57.20
650 _aMOVEMENT DISORDERS--PATIENTS--REHABILITATION
650 _aNEUROMUSCULAR DISEASES--PHYSICAL THERAPY
700 _aShepherd, Roberta B
995 _aMEDICAL LIBRARY OPEN ACCESS
_e904582
_FCBU-SCHOOL OF MEDICINE LIBRARY (Ndola)
_I57.20
_jRC 376.5 Car
_M1
_UAVAILABLE
_WDec 12, 2019
_y904582
_ZMedical Library Open Access Collection
999 _c32167
_d32167